书目信息 |
| 题名: |
长拳
|
|
| 作者: | 朱景宏 主编 | |
| 分册: | ||
| 出版信息: | 长春 吉林出版集团有限责任公司 2010.01 |
|
| 页数: | 122页 | |
| 开本: | 21cm | |
| 丛书名: | ||
| 单 册: | ||
| 中图分类: | G852.12 | |
| 科图分类: | ||
| 主题词: | 长拳 , 长拳--基本知识 | |
| 电子资源: | ||
| ISBN: | 978-7-5463-1468-6 | |
| 000 | 00730nam0 22002531 450 | |
| 001 | 004696398 | |
| 005 | 20111229172611.82 | |
| 010 | @a978-7-5463-1468-6@dCNY8.00 | |
| 096 | @aG852.1@bzjh | |
| 100 | @a20100722d2010 em y0chiy50 ea | |
| 101 | 0 | @achi |
| 102 | @aCN@b220000 | |
| 105 | @aa z 000yy | |
| 200 | 1 | @a长拳@9chang quan@f朱景宏主编 |
| 210 | @a长春@c吉林出版集团有限责任公司@d2010.01 | |
| 215 | @a122页@c图@d21cm | |
| 300 | @a全民健身项目指导用书/王月华、张颖主编 | |
| 330 | @a本书内容包括概述、运动保健、基本技术、套路练习、基本规则等。 | |
| 606 | 0 | @a长拳 |
| 606 | 0 | @a长拳@x基本知识 |
| 690 | @aG852.12@v4 | |
| 701 | 0 | @a朱景宏@9zhu jing hong@4主编 |
| 801 | 0 | @c20111229 |
| 905 | @aZUCC@dG852.12@eZ850@f4 | |
| 长拳/朱景宏主编.-长春:吉林出版集团有限责任公司,2010.01 |
| 122页:图;21cm |
| 全民健身项目指导用书/王月华、张颖主编 |
| ISBN 978-7-5463-1468-6:CNY8.00 |
| 本书内容包括概述、运动保健、基本技术、套路练习、基本规则等。 |
| ● |
| 相关链接 |
|
|
|
正题名:长拳
索取号:G852.12/Z850
 
预约/预借
| 序号 | 登录号 | 条形码 | 馆藏地/架位号 | 状态 | 备注 |
| 1 | 1189907 | 211899070 | 社科库409/409社科库 25排3列2层/ [索取号:G852.12/Z850] | 在馆 | |
| 2 | 1190047 | 211900479 | 社科库409/422社科库 34排4列3层/ [索取号:G852.12/Z850] | 在馆 | |
| 3 | 1190048 | 211900488 | 社科库409/422社科库 34排4列3层/ [索取号:G852.12/Z850] | 在馆 | |
| 4 | 1190049 | 211900497 | 社科库409/409社科库 25排3列2层/ [索取号:G852.12/Z850] | 在馆 |